[Event "Haifa Channukah"]
[Site "Haifa"]
[Date "2010.12.06"]
[Round "6.4"]
[White "Aharon, Ofir"]
[Black "Bajbikov, Dmitry"]
[Result "1-0"]
[WhiteElo "2264"]
[BlackElo "2276"]
[PlyCount "40"]
[EventDate "2010.12.01"]
[EventType "tourn"]
[EventRounds "9"]
[EventCountry "ISR"]
[EventCategory "6"]
[SourceTitle "CBM 139 Extra"]
[Source "ChessBase"]
[SourceDate "2011.01.05"]
[SourceVersion "1"]
[SourceVersionDate "2011.01.05"]
[SourceQuality "1"]

1. e4 d5 2. exd5 Nf6 3. Nf3 Nxd5 4. d4 Nb6 5. c4 c5 6. d5 e6 7. Nc3 Be7 8. Be3 Na6 9. Qd2 0-0 10. Rd1 Bd7 11. Bd3 Nb4 12. Be2 exd5 13. cxd5 Bf5 14. 0-0 Rc8 15. a3 Nc2 16. Bf4 Bf6 17. Nb5 Nd4 18. Nd6 Qd7 19. Nxd4 Bxd4 20. Bb5 Rc6 1-0